00329nam a2200133Ia 4500008004100000020001500041041001200056082001600068100001200084245004100096260003500137300000800172650001500180221030s9999 xx 000 0 und d a8173916047 aEnglish a105.23bNeg aJ. Negi 0aTravel Agency Operationscby J. Negi bKanishka Pub.aNew Delhic2003 a282 aManagement